Mariano Marcos State University

University Library System

Isolation and characterization of natives saccharomyces strains from jaggery obtained from three different varieties of sweet sorghum (Sorghum bicolor (L.) Moench) (Record no. 9632)

MARC details
000 -LEADER
fixed length control field 00665nam a22001697a 4500
003 - CONTROL NUMBER IDENTIFIER
control field OSt
005 - DATE AND TIME OF LATEST TRANSACTION
control field 20171010095457.0
008 - FIXED-LENGTH DATA ELEMENTS--GENERAL INFORMATION
fixed length control field 120706t xxu||||| |||| 00| 0 eng d
040 ## - CATALOGING SOURCE
Original cataloging agency MMSU
Transcribing agency ULS
100 ## - MAIN ENTRY--PERSONAL NAME
Personal name Acosta, Rowena Leah D.
9 (RLIN) 10994
245 ## - TITLE STATEMENT
Title Isolation and characterization of natives saccharomyces strains from jaggery obtained from three different varieties of sweet sorghum (Sorghum bicolor (L.) Moench)
Statement of responsibility, etc. Rowena Leah D. Acosta
260 ## - PUBLICATION, DISTRIBUTION, ETC.
Date of publication, distribution, etc. 2008
300 ## - PHYSICAL DESCRIPTION
Extent xvi, 30 leaves
Dimensions 28 cm.
500 ## - GENERAL NOTE
General note Thesis (BS Biology) -- Mariano Marcos State University-College of Arts & Sciences, Batac City
504 ## - BIBLIOGRAPHY, ETC. NOTE
Bibliography, etc. note Bibliography: leaf 21
942 ## - ADDED ENTRY ELEMENTS (KOHA)
Source of classification or shelving scheme
Koha item type Thesis/Dissertation
Holdings
Withdrawn status Lost status Source of classification or shelving scheme Damaged status Not for loan Home library Current library Date acquired Total Checkouts Barcode Date last seen Price effective from Koha item type Public note
          REF REF 07/06/2012   3467-Un 10/10/2017 10/10/2017 Thesis/Dissertation Library Use only

© 2023 Mariano Marcos State University. All Rights Reserved.

Powered by Koha